Plant metabolism

Salvato in:
Dettagli Bibliografici
Autore principale: Dennis, David T
Altri autori: Layzell, David B, Lefebvre, Daniel D, Turpin, David H
Natura: Libro
Lingua:inglese
Pubblicazione: London, England, United Kingdom Longman 1997
Edizione:Segunda edición
Soggetti:
Tags: Aggiungi Tag
Nessun Tag, puoi essere il primo ad aggiungerne!!

MARC

LEADER 00000nam a2200000 a 4500
001 UCQ8993
003 CL-VaPUC
005 20250224164158.0
008 981218e19970000UK |||||||||||||||||eng|d
999 |c 278155  |d 278153 
040 |c Pontificia Universidad Católica de Valparaíso 
082 0 4 |a 581.133 DEN 1997  |2 21 
100 0 |a Dennis, David T  |9 423370 
245 1 0 |a Plant metabolism 
250 |a Segunda edición 
260 0 3 |a London, England, United Kingdom  |b Longman  |c 1997 
300 |a 631 páginas 
583 |a last modification  |c 19981218 00:00:00  |k Rodrigo Vera 
650 0 |a Botánica  |9 264202 
650 0 |a Metabolismo vegetal  |9 333115 
650 7 |a NITROGENO  |2 CL-VaPUC  |9 358135 
650 0 |a Fisiología vegetal  |9 260158 
650 0 |a Crecimiento de las plantas  |9 334405 
650 0 |a Fotosíntesis  |9 261610 
650 0 |a Desarrollo vegetal  |9 338112 
700 0 |a Layzell, David B  |9 423371 
700 0 |a Lefebvre, Daniel D  |9 423372 
700 0 |a Turpin, David H  |9 423373 
942 |c BK  |2 ddc 
945 |d 19981218 00:00:00  |a aarredon 
952 |0 0  |1 0  |2 ddc  |4 0  |6 581_133000000000000_DEN_1997  |7 0  |8 A  |9 316551  |a BIBCUR  |b BIBCUR  |d 2019-11-20  |i 3490238  |l 1  |o 581.133 DEN 1997  |p 3490238  |r 2025-04-22  |s 2022-05-23  |t 1  |w 2019-11-20  |y BK  |k BIO